[Event "Anapa Sea Harbor Cup Blitz"]
[Site "Anapa"]
[Date "2021.06.13"]
[Round "1"]
[White "Rudometova, Elizaveta"]
[Black "Turov, Maxim"]
[Result "0-1"]
[WhiteElo "1273"]
[BlackElo "2565"]
[PlyCount "70"]
[EventDate "2021.06.13"]
[EventType "swiss (blitz)"]
[EventRounds "13"]
[EventCountry "RUS"]
[SourceTitle "CBM 202 Extra"]
[Source "ChessBase"]
[SourceDate "2021.07.31"]
[SourceVersion "1"]
[SourceVersionDate "2021.07.31"]
[SourceQuality "1"]

1. e4 c5 2. Nf3 a6 3. d4 cxd4 4. Nxd4 Nf6 5. Nc3 e5 6. Nb3 Bb4 7. Bd3 d5 8. exd5 Nxd5 9. Bd2 Nxc3 10. Bxc3 Bxc3+ 11. bxc3 0-0 12. 0-0 Qc7 13. Qd2 Nc6 14. Qe3 Ne7 15. Be4 Bf5 16. Bxf5 Nxf5 17. Qd3 Nd6 18. Rfe1 Nc4 19. Rab1 b5 20. Nd2 Rad8 21. Qe2 Rxd2 22. Qf3 g6 23. Rbc1 Qc5 24. h3 Rfd8 25. Rf1 f5 26. Rb1 e4 27. Qg3 e3 28. fxe3 Qxe3+ 29. Qxe3 Nxe3 30. Rfe1 Rxg2+ 31. Kh1 Rg3 32. Kh2 f4 33. Rb4 Rd2+ 34. Kh1 Rxh3+ 35. Kg1 Rg2# 0-1